[Event "15th ETC Women"]
[Site "Gothenburg SWE"]
[Date "2005.08.04"]
[Round "6"]
[White "Jiretorn,E"]
[Black "Kopinits,A"]
[Result "1-0"]
[WhiteElo "2134"]
[BlackElo "2124"]

1.d4 Nf6 2.c4 e6 3.g3 d5 4.Bg2 Be7 5.Nf3 O-O 6.O-O dxc4 7.Qa4 a6 8.Qxc4 b5
9.Qc2 Bb7 10.a4 Nc6 11.e3 Nb4 12.Qd1 c5 13.dxc5 Qc7 14.axb5 axb5 15.Rxa8 Rxa8
16.Nc3 Qxc5 17.Nd4 Nbd5 18.Nxd5 Bxd5 19.Bxd5 Nxd5 20.Qd3 Qc4 21.Qxc4 bxc4
22.Nc6 Bc5 23.Kg2 Rc8 24.Ne5 Bd6 25.Nf3 Kf8 26.e4 Nb4 27.Bd2 Nd3 28.Bc3 f6
29.Nd2 Be5 30.f4 Bxc3 31.bxc3 Nb2 32.e5 Rd8 33.Ne4 Nd1 34.Rf3 Ra8 35.exf6 Ra2+
36.Kh3 gxf6 37.Nxf6 Kg7 38.Ne4 Re2 39.Nc5 Kf6 40.Nd7+ Kf5 41.g4+ Ke4 42.Kg3 Re3
43.Rxe3+ Kxe3 44.Ne5 Nxc3 45.Nxc4+ Ke4 46.Nd6+ Kd5 47.Ne8 Ke4 48.Nf6+ Ke3
49.g5 Ne2+ 50.Kg4 Nxf4 51.Nxh7 e5 52.h4 e4 53.Nf6 Nd3 54.g6 Ne5+ 55.Kf5 Kf3
56.g7 Nf7 57.Nxe4 Nh6+ 58.Kg6 Ng8 59.Nf6 Ne7+ 60.Kf7 Nf5 61.Kg6 Ne7+ 62.Kg5  1-0

[Event "Ave-Kontakt Cup IMB"]
[Site "Olomouc CZE"]
[Date "2005.08.05"]
[Round "4"]
[White "Vovk,Y"]
[Black "Petr,Ma"]
[Result "0-1"]
[WhiteElo "2435"]
[BlackElo "2331"]

1.d4 e6 2.Nf3 d5 3.c4 Nf6 4.g3 Be7 5.Bg2 O-O 6.O-O c6 7.Nc3 Nbd7 8.b3 b6
9.Bb2 Bb7 10.Qc2 Rc8 11.Rad1 Qc7 12.Rfe1 Rfd8 13.Qb1 Qb8 14.Bh3 Qa8 15.Ng5 h6
16.Nxe6 fxe6 17.Bxe6+ Kh8 18.e4 dxe4 19.Nxe4 Rc7 20.Bc1 Nf8 21.Bh3 Bc8 22.Bf4 Rb7
23.Bg2 Bf5 24.f3 Rbd7 25.Qb2 Bxe4 26.fxe4 Rxd4 27.Rxd4 Rxd4 28.e5 Ng8 29.e6 Bf6
30.Qe2 Ng6 31.Be3 Rd6 32.Be4 Nf8  0-1

[Event "ch-IRI Semi-Final"]
[Site "Tehran IRI"]
[Date "2005.08.06"]
[Round "4"]
[White "Afshari,M"]
[Black "Mirzajani,R"]
[Result "1/2-1/2"]
[WhiteElo "2226"]
[BlackElo "2102"]

1.Nf3 Nf6 2.c4 e6 3.g3 d5 4.d4 Be7 5.Bg2 O-O 6.O-O c6 7.Qc2 Nbd7 8.b3 a5
9.Nc3 Bb4 10.Nd2 Qe7 11.e4 dxc4 12.e5 Nd5 13.Nxd5 cxd5 14.bxc4 Nb6 15.cxd5 Nxd5
16.Ne4 Bd7 17.a3 Rac8 18.Qd3 Bc3 19.Rb1 b5 20.Nd6 b4 21.Nxc8 Rxc8 22.Bxd5 exd5
23.axb4 axb4 24.Bd2 g6 25.Rbc1 Bf5 26.Qe3 Qc7 27.Qh6 Qe7 28.Rfd1 Rc4 29.Bxc3 bxc3
30.Ra1 Qd8 31.Ra7 c2 32.Rda1 g5 33.Rc1 Rc5 34.Raa1 Rc4 35.Qa6 Qc8 36.Qf6 g4
37.Ra6 Rxd4 38.Qg5+ Kf8 39.Qh6+ Ke8 40.Raa1 Rb4 41.Qg7 Qb8 42.Qh8+ Kd7 43.Qf6 Bg6
44.Ra6 Rb1 45.Rd6+ Ke8 46.Qh8+ Ke7 47.Qf6+ Ke8 48.Qh8+ Ke7 49.Qf6+ Ke8 50.Qh8+ Ke7
51.Qf6+ Ke8 52.Qh8+  1/2-1/2

[Event "American Continental"]
[Site "Buenos Aires ARG"]
[Date "2005.08.07"]
[Round "2"]
[White "Bielicki,C"]
[Black "Bendana,G"]
[Result "1-0"]
[WhiteElo "2307"]
[BlackElo "2155"]

1.d4 Nf6 2.Nf3 d5 3.c4 e6 4.g3 Be7 5.Bg2 O-O 6.O-O Nbd7 7.Qc2 c6 8.Rd1 b6
9.b3 Bb7 10.Nc3 Qc8 11.Bb2 b5 12.c5 b4 13.Na4 Ne4 14.Ne1 f5 15.Nd3 a5 16.f3 Ng5
17.Nf4 Rf6 18.Re1 Qf8 19.Rac1 Bd8 20.Rcd1 Nf7 21.Nd3 Ba6 22.Ne5 Nfxe5 23.dxe5 Rg6
24.f4 Bb5 25.Bd4 Bxa4 26.bxa4 Be7 27.Rc1 Rb8 28.Red1 Rb7 29.Bf3 Rh6 30.Rd3 Nb8
31.e3 Na6 32.Rb3 Nb8 33.Be2 Nd7 34.a3 Rb8 35.axb4 axb4 36.a5 Qd8 37.Ra1 Qc7
38.a6 Qa7 39.Rc1 Rg6 40.Qd2 Bxc5 41.Rxc5 Nxc5 42.Qc2 Qb6 43.Qxc5  1-0

[Event "15th ETC"]
[Site "Gothenburg SWE"]
[Date "2005.08.07"]
[Round "9"]
[White "Lindberg,Bo"]
[Black "Gunnarsson,Arn"]
[Result "1/2-1/2"]
[WhiteElo "2359"]
[BlackElo "2438"]

1.d4 d5 2.Nf3 Nf6 3.c4 e6 4.g3 Be7 5.Bg2 O-O 6.O-O dxc4 7.Qc2 a6 8.a4 Nbd7
9.Qxc4 b5 10.Qc6 Rb8 11.axb5 Bb7 12.Qc2 axb5 13.Bd2 c5 14.Ba5 Qe8 15.Nc3 b4
16.Na4 Be4 17.Qc1 Rb5 18.Nxc5 Bxc5 19.dxc5 Nxc5 20.Bxb4 Rxb4 21.Qxc5 Rxb2
22.e3 Qb8 23.Ra7 Rc8 24.Qe7 Bb7 25.Qa3 Bd5 26.Nd4 Bxg2 27.Kxg2 Nd5 28.Ra1 Rb7
29.Ra8 Qc7 30.Qd6 Rbb8 31.Qxc7 Nxc7 32.Rxb8 Rxb8 33.Ra7 Nd5 34.Nc6 Rf8 35.e4 Nc3
36.Kf3 g5 37.e5 Kg7 38.Rd7 Nd5 39.Ke4 Kg6 40.Nd8 Nb6 41.Rd6 Nc8 42.Rd1 g4
43.Nb7 Ne7 44.Rd7 Nf5 45.Nd8 h5 46.f3 Nh6 47.f4 Nf5 48.Rd3 h4 49.gxh4 Nxh4
50.h3 gxh3 51.Rxh3 Nf5 52.Rd3 Rh8 53.Rd7 Rh3 54.Rd3 Ng3+ 55.Kd4 Ne2+ 56.Ke4 Ng3+
57.Kd4 Ne2+ 58.Ke4 Rxd3 59.Kxd3 Nxf4+ 60.Ke4 Nh3 61.Kf3 Ng5+ 62.Kf4 Nh7 63.Kg4 Nf8
64.Kf4 Kg7 65.Ke4 Ng6 66.Nc6 Kf8 67.Nd4 Ke7 68.Nf3 Kf8 69.Nd4 Ke8 70.Nf3 Ke7
71.Nd4 Nh4 72.Kf4 Ng6+ 73.Ke4 Kd7 74.Nf3 Ne7 75.Ng5 Ke8 76.Nh7 Nc6 77.Kf4 Kd7
78.Ke4 Kc7 79.Ng5 Nd8 80.Kd4 Kb6 81.Kc4 Kc6 82.Nf3 Kd7 83.Kd4 Ke7 84.Ke4 Nc6
85.Nd2 Kf8 86.Nc4 Kg7 87.Nd6 Kg6 88.Kf4 Ne7 89.Ke4 Nd5 90.Kd4 Nf4 91.Ke4 Nh3
92.Kf3 f5 93.exf6 Kxf6 94.Nc4 Kf5 95.Ne3+ Ke5 96.Ng4+ Kd4 97.Kg3 Ng5 98.Kf4 Nf7
99.Kf3 Nd6 100.Kf4 Nc4 101.Kf3 Kd5 102.Kf4 Nd6 103.Kf3 Kc5 104.Kf4 Kd4 105.Kf3 Nc4
106.Kf4 Nb6 107.Kf3 Nd5 108.Nh6 e5 109.Nf5+ Kd3 110.Nd6 Nf6 111.Kf2 Nh7 112.Kf3 Nf6
113.Kf2 Nd7 114.Kf3 Nc5 115.Kg4 Kd4 116.Kf5 Kd5 117.Nb5 Nd7 118.Nc3+ Kc4
119.Ne4 Kd4 120.Ng5 Kd5 121.Ne4 Kd4 122.Ng5 Kd3 123.Ke6  1/2-1/2

[Event "15th ETC"]
[Site "Gothenburg SWE"]
[Date "2005.08.07"]
[Round "9"]
[White "Avrukh,B"]
[Black "Votava,J"]
[Result "1-0"]
[WhiteElo "2652"]
[BlackElo "2542"]

1.d4 Nf6 2.c4 e6 3.g3 d5 4.Nf3 Be7 5.Bg2 O-O 6.O-O dxc4 7.Qc2 a6 8.Qxc4 b5
9.Qc2 Bb7 10.Bd2 Ra7 11.Rc1 Be4 12.Qb3 Nbd7 13.Ba5 Qb8 14.Nbd2 Ba8 15.Bb4 c5
16.Bxc5 Nxc5 17.dxc5 Rc8 18.Qe3 Nd5 19.Qe5 Rac7 20.Ne4 Qa7 21.Nd4 h6 22.Nb3 a5
23.a4 Rb8 24.axb5 Rxb5 25.Nd4 Rb4 26.e3 a4 27.Rc2 Kh7 28.Nd6 Rxc5 29.Rxc5 Qxc5
30.Nxf7 Nc7 31.Bxa8 Kg8 32.Nc6 Kxf7 33.Qxc7  1-0

[Event "Proclient Cup GMB"]
[Site "Olomouc CZE"]
[Date "2005.08.07"]
[Round "6"]
[White "Lagowski,P"]
[Black "Radulski,J"]
[Result "0-1"]
[WhiteElo "2395"]
[BlackElo "2502"]

1.d4 d5 2.Nf3 e6 3.c4 Nf6 4.g3 Be7 5.Bg2 O-O 6.Qc2 Na6 7.O-O c5 8.cxd5 exd5
9.Nc3 Be6 10.dxc5 Nxc5 11.Nd4 Rc8 12.Bg5 Qb6 13.Nf5 Bd8 14.Bxf6 Bxf6 15.Nxd5 Bxd5
16.Bxd5 g6 17.Ne3 Rfd8 18.Rad1 Qxb2 19.Qxb2 Bxb2 20.Rb1 Bd4 21.Bxb7 Nxb7
22.Rxb7 Bb6 23.Ng4 Kg7 24.Ne5 Re8 25.Nxf7 Rc7 26.Rxc7 Bxc7 27.Ng5 Rxe2 28.Rd1 Bb6
29.Rd7+ Kg8 30.Nxh7 Rxf2 31.Kh1 Rxa2 32.Nf6+ Kf8 33.g4 Rf2 34.Nd5 Bc5 35.Nc7  0-1

[Event "HZ Open"]
[Site "Vlissingen NED"]
[Date "2005.08.07"]
[Round "2"]
[White "Khmelniker,I"]
[Black "De Wolf,J"]
[Result "1-0"]
[WhiteElo "2447"]
[BlackElo "2148"]

1.d4 Nf6 2.c4 e6 3.Nf3 d5 4.g3 Be7 5.Bg2 O-O 6.O-O c6 7.Qc2 Ne4 8.Nbd2 Nxd2
9.Bxd2 f5 10.b4 a6 11.a4 Bd7 12.Ne5 Be8 13.b5 Bh5 14.bxc6 bxc6 15.e3 Bd6
16.Rfc1 Bxe5 17.dxe5 Nd7 18.cxd5 cxd5 19.Qc6 Re8 20.f4 Be2 21.Bf1 Bxf1 22.Kxf1 Ra7
23.Rab1 Nb8 24.Qb6 Qxb6 25.Rxb6 Nd7 26.Rd6 Kf7 27.Ba5 Rb8 28.Bc7  1-0

[Event "4th Chiuso Hotel Petra"]
[Site "Rome ITA"]
[Date "2005.08.08"]
[Round "5"]
[White "Romanishin,O"]
[Black "Vazquez,R"]
[Result "1-0"]
[WhiteElo "2570"]
[BlackElo "2496"]

1.d4 Nf6 2.Nf3 e6 3.g3 d5 4.Bg2 Be7 5.c4 O-O 6.O-O c6 7.Nc3 Nbd7 8.Bf4 dxc4
9.e4 b5 10.d5 e5 11.Nxe5 Nxe5 12.Bxe5 Ng4 13.Bf4 b4 14.Na4 cxd5 15.exd5 Bd6
16.Qd4 Bxf4 17.Qxf4 Qa5 18.b3 Nf6 19.Nb2 c3 20.Nc4 Qd8 21.Ne3 a5 22.a3 Ba6
23.Rfc1 Rb8 24.axb4 Rxb4 25.Qe5 Rxb3 26.Rxc3 Rb7 27.Rca3 Rb5 28.Bf1 Re8 29.Qf5 Rb6
30.Rxa5 Bxf1 31.Kxf1 g6 32.Qf4 Qd7 33.Kg2 Qd6 34.Qf3 Qe7 35.R1a4 Rb2 36.Ra8 Rxa8
37.Rxa8+ Kg7 38.Ra4 Rb4 39.d6  1-0

[Event "FSIMB August"]
[Site "Budapest HUN"]
[Date "2005.08.09"]
[Round "4"]
[White "David,Vi"]
[Black "Lengyel,B"]
[Result "1-0"]
[WhiteElo "2277"]
[BlackElo "2284"]

1.d4 d5 2.c4 e6 3.Nf3 Nf6 4.g3 Be7 5.Bg2 O-O 6.O-O dxc4 7.Qc2 a6 8.Qxc4 b5
9.Qc2 Bb7 10.Bf4 Nd5 11.Nbd2 g5 12.Be3 Nc6 13.Rfd1 Ncb4 14.Qc1 f5 15.Nb3 f4
16.Bd2 Nc6 17.Nc5 Bxc5 18.Qxc5 Qf6 19.e4 fxe3 20.fxe3 g4 21.Nh4 Qf2+ 22.Kh1 Rad8
23.e4 Nxd4 24.Bh6 Nc2 25.Bxf8 Rxf8 26.Qxf2 Rxf2 27.Rac1 Nce3 28.Rd4 Nc2 29.Rd3 Ncb4
30.Rdd1 Nxa2 31.Rc5 Ne3 32.Rd8+ Kg7 33.Rxc7+ Kh6 34.Rxb7 Rxb2 35.Kg1 Nc3
36.Rd6 Rb1+ 37.Kf2 Ned1+ 38.Ke1 Ne3+ 39.Kd2 Rd1+ 40.Kxc3 Rxd6 41.e5 Nd5+
42.Kb3 Rd8 43.Be4 a5 44.Rxh7+ Kg5 45.Rg7+ Kh5 46.Bg6+  1-0

[Event "Petrovskaya Ladya IM"]
[Site "Peterhof RUS"]
[Date "2005.08.09"]
[Round "11"]
[White "Nikolaev,Niki"]
[Black "Bets,A"]
[Result "1-0"]
[WhiteElo "2356"]
[BlackElo "2377"]

1.d4 Nf6 2.Nf3 e6 3.c4 d5 4.g3 Be7 5.Bg2 O-O 6.O-O dxc4 7.Qc2 a6 8.a4 Bd7
9.Qxc4 Bc6 10.Bg5 Bd5 11.Qc2 Be4 12.Qc1 Nc6 13.e3 Nb4 14.Nc3 Bc6 15.Qd2 a5
16.Qe2 h6 17.Bxf6 Bxf6 18.e4 g6 19.Rad1 Bg7 20.h4 Qe7 21.Qc4 Rfd8 22.Rfe1 Nc2
23.Re2 Qb4 24.Qxb4 axb4 25.Rxc2 bxc3 26.Rxc3 Bxd4 27.Rxd4  1-0

[Event "Proclient Cup GMB"]
[Site "Olomouc CZE"]
[Date "2005.08.10"]
[Round "10"]
[White "Jirka,J"]
[Black "Radulski,J"]
[Result "0-1"]
[WhiteElo "2391"]
[BlackElo "2502"]

1.d4 d5 2.Nf3 e6 3.g3 Nf6 4.Bg2 Be7 5.c4 O-O 6.O-O dxc4 7.Na3 c5 8.Nxc4 Nc6
9.dxc5 Bxc5 10.a3 Qe7 11.Qc2 e5 12.b4 Nd4 13.Nxd4 Bxd4 14.Bb2 Bg4 15.Rfd1 Rac8
16.Bxd4 exd4 17.b5 Rfd8 18.Bf1 Ne4 19.Qd3 Nc5 20.Qb1 Bxe2 21.Re1 d3 22.Bxe2 dxe2
23.Ra2 Ne6 24.Ne3 Nd4 25.Nf5 Nxf5 26.Qxf5 Rc1 27.Rd1  0-1

[Event "HZ Open"]
[Site "Vlissingen NED"]
[Date "2005.08.10"]
[Round "5"]
[White "Rodshtein,M"]
[Black "Lacrosse,M"]
[Result "1/2-1/2"]
[WhiteElo "2459"]
[BlackElo "2242"]

1.d4 d5 2.c4 e6 3.Nf3 Nf6 4.g3 Be7 5.Bg2 O-O 6.O-O dxc4 7.Qc2 a6 8.Qxc4 b5
9.Qc2 Bb7 10.Bd2 Be4 11.Qc1 Nc6 12.Be3 Rc8 13.Rd1 Nb4 14.Nc3 Ba8 15.Bg5 Nbd5
16.Bxf6 Nxf6 17.a3 Qd6 18.b4 Rfd8 19.Qc2 Qb6 20.e3 a5 21.Rab1 axb4 22.axb4 Bb7
23.Ne5 Bxg2 24.Kxg2 Bd6 25.Nf3 h6 26.Qd3 c6 27.e4 Be7 28.Ne5 Ra8 29.Rb3 Nd7
30.Ng4 Qb7 31.Ne2 c5 32.Qf3 c4 33.Rb2 Nf6 34.Nxf6+ Bxf6 35.Rbb1 Rd7 36.Rd2 Rad8
37.Qe3 Qa7 38.Rbd1 Be7 39.Qc3 Qb7 40.f3 Bf6 41.e5 Be7 42.Ra2 Ra8 43.Rda1 Rxa2
44.Rxa2 Bd8 45.Qa1 Bb6 46.h4 Rd8 47.g4 Qd5 48.Rd2 Ra8 49.Qb2 Bd8 50.Nc3 Qb7
51.Kg3 Bc7 52.g5 hxg5 53.hxg5 Rd8 54.Ne4 Qd5 55.Qa1 Kf8 56.Qa7 c3 57.Nxc3 Bxe5+
58.Kg4 Bxd4 59.Qc7 Qf5+ 60.Kh4 Qh7+ 61.Kg3 Be5+ 62.Qxe5 Rxd2 63.Qc5+ Ke8
64.Qxb5+ Ke7 65.Qc5+ Ke8  1/2-1/2

[Event "American Continental"]
[Site "Buenos Aires ARG"]
[Date "2005.08.11"]
[Round "6"]
[White "Alza,A"]
[Black "Patriarca,L"]
[Result "1-0"]
[WhiteElo "2167"]
[BlackElo "2266"]

1.d4 Nf6 2.c4 e6 3.g3 d5 4.Nf3 Be7 5.Bg2 O-O 6.O-O dxc4 7.Ne5 Nc6 8.Nxc6 bxc6
9.e3 Ba6 10.Bxc6 Rb8 11.Nc3 Rb6 12.Bg2 Qc8 13.Qc2 c5 14.dxc5 Bxc5 15.Na4 Rb8
16.Nxc5 Qxc5 17.Rd1 Qh5 18.Rd4 e5 19.Rd6 Bb7 20.Bd2 Bxg2 21.Kxg2 e4 22.Bc3 Qf3+
23.Kg1 Ng4 24.h3 Nxe3 25.fxe3 Qxg3+ 26.Qg2 Qxe3+ 27.Kh1 g6 28.Re1  1-0

[Event "American Continental"]
[Site "Buenos Aires ARG"]
[Date "2005.08.12"]
[Round "7"]
[White "Morinongeli,M"]
[Black "Gonzalez Zamora,J"]
[Result "0-1"]
[WhiteElo "2119"]
[BlackElo "2546"]

1.Nf3 Nf6 2.c4 e6 3.g3 d5 4.d4 Be7 5.Bg2 O-O 6.O-O c6 7.Qc2 b6 8.b3 Bb7 9.Nc3 Nbd7
10.Rd1 Rc8 11.e4 a6 12.e5 Ne8 13.h4 h6 14.Bf4 Nc7 15.Nh2 Re8 16.Ng4 Bf8 17.Qe2 Qe7
18.Rac1 Red8 19.Bh1 a5 20.Ne3 Qe8 21.Bg2 Kh8 22.Rc2 Be7 23.Qh5 f5 24.Qxe8+ Rxe8
25.h5 Red8 26.Rcc1 Ba3 27.Rc2 Kh7 28.cxd5 Nxd5 29.Ncxd5 cxd5 30.Bf1 Nb8 31.Rxc8 Rxc8
32.Bd3 Kg8 33.Nc2 Be7 34.Rc1 Bg5 35.Kf1 Bxf4 36.gxf4 Ba6 37.Ke2 Rc3 38.Bxa6 Nxa6
39.Kd2 Rf3 40.Ke2 Rxf4 41.Ne3 Rxd4 42.Rc6 Nc5 43.Rxb6 Kf7 44.Rb5 Nd7 45.Rxa5 Nxe5
46.Ra7+ Kf6 47.Rb7 f4 48.Nc2 f3+ 49.Ke3 Re4+ 50.Kd2 Re2+ 51.Kc3 Rxf2 52.Nd4 Rxa2  0-1

[Event "15th ch-SLO"]
[Site "Ptuj SLO"]
[Date "2005.08.14"]
[Round "4"]
[White "Tratar,M"]
[Black "Zorko,Ju"]
[Result "1/2-1/2"]
[WhiteElo "2419"]
[BlackElo "2335"]

1.d4 Nf6 2.c4 e6 3.g3 d5 4.Bg2 Be7 5.Nf3 O-O 6.Qc2 dxc4 7.Qxc4 a6 8.Bf4 Nd5
9.Nc3 b5 10.Qd3 Bb7 11.Nxd5 Bxd5 12.O-O Nd7 13.Rfd1 c5 14.e4 Bb7 15.d5 exd5
16.exd5 Bf6 17.d6 g6 18.Qc2 Re8 19.Rac1 c4 20.Be3 Rc8 21.Qd2 Be4  1/2-1/2

[Event "American Continental"]
[Site "Buenos Aires ARG"]
[Date "2005.08.15"]
[Round "10"]
[White "Alza,A"]
[Black "Negri,Sa"]
[Result "0-1"]
[WhiteElo "2167"]
[BlackElo "2104"]

1.d4 Nf6 2.c4 e6 3.g3 d5 4.Nf3 Be7 5.Bg2 O-O 6.O-O dxc4 7.Ne5 Nc6 8.Nxc6 bxc6
9.e3 Rb8 10.Bxc6 Qd6 11.Bg2 c5 12.dxc5 Qxc5 13.Nc3 Rd8 14.Qc2 Ba6 15.e4 Rd3
16.e5 Ng4 17.Be4 Nxe5 18.Bf4 Rbd8 19.Qe2 Nc6 20.Na4 Qb5 21.Nc3 Nd4 22.Qxd3 Qxb2
23.Qd2 Nf3+ 24.Bxf3 Rxd2 25.Bxd2 Qxd2 26.Ne4 Qd3 27.Bg2 f5 28.Rfd1 fxe4 29.Rxd3 exd3
30.Bf3 c3 31.Kf1 d2+ 32.Be2 c2  0-1

[Event "ch-AUT Qualifier"]
[Site "Gmunden AUT"]
[Date "2005.08.15"]
[Round "3"]
[White "Ferrari,J"]
[Black "Wukits,R"]
[Result "0-1"]
[WhiteElo "2139"]
[BlackElo "2310"]

1.d4 Nf6 2.g3 e6 3.Bg2 d5 4.Nf3 Be7 5.c4 O-O 6.O-O dxc4 7.Qc2 a6 8.Qxc4 b5
9.Qc2 Bb7 10.Bf4 Nc6 11.Nc3 Nxd4 12.Nxd4 Bxg2 13.Nxe6 fxe6 14.Kxg2 c5 15.e4 Qe8
16.f3 Qc6 17.Rad1 Rad8 18.Ne2 Rd7 19.Rxd7 Nxd7 20.Rd1 Rc8 21.b3 Nf8 22.Be5 Ng6
23.Bb2 Qe8 24.Rd2 c4 25.Qd1 Nf8 26.Qa1 Bb4 27.Bc3 Bxc3 28.Qxc3 Qe7 29.bxc4 Rxc4
30.Qa5 Qa7 31.Qd8 Qc7 32.Qxc7 Rxc7 33.Nf4 Kf7 34.Kf2 Ke7 35.Nd3 Nd7 36.f4 Nf6
37.Ke3 Rc3 38.h3 h5 39.Kd4 Rc4+ 40.Ke3 Rxe4+ 41.Kf3 Rd4 42.Ke3 Ra4 43.Rc2 Nd5+
44.Kf2 h4 45.Nc5 hxg3+ 46.Kxg3 Ra3+ 47.Nb3 a5 48.Kh4 Kf6 49.Nd4 b4 50.Rc6 Nxf4
51.Kg4 Rd3 52.Nb3 Ng6 53.Rxe6+ Kxe6 54.Nc5+ Kd5 55.Nxd3 Ne5+  0-1

[Event "15th ch-SLO"]
[Site "Ptuj SLO"]
[Date "2005.08.16"]
[Round "6"]
[White "Djurkovic,M"]
[Black "Krivec,J"]
[Result "1-0"]
[WhiteElo "2205"]
[BlackElo "2270"]

1.d4 d5 2.Nf3 Nf6 3.c4 e6 4.g3 Be7 5.Bg2 O-O 6.O-O dxc4 7.Ne5 c5 8.dxc5 Bxc5
9.Nxc4 Qe7 10.Nc3 Nc6 11.a3 Rd8 12.Bd2 a6 13.b4 Bd4 14.Rc1 Bd7 15.Qb3 b5
16.Nb2 Rac8 17.Nd3 h6 18.Rfd1 Be8 19.Kf1 Ne5 20.Nxe5 Bxe5 21.Be1 Bc6 22.Bxc6 Rxc6
23.Nd5 Rxd5 24.Rxc6 Qb7 25.Rdc1 Rd6 26.Qf3 Rd5 27.Rc8+ Kh7 28.R1c5 Bd6 29.Rxd5 Nxd5
30.Rc1  1-0

[Event "8th Open"]
[Site "Banyoles ESP"]
[Date "2005.08.19"]
[Round "3"]
[White "Parmentier,X"]
[Black "Fluvia Poyatos,J"]
[Result "0-1"]
[WhiteElo "2283"]
[BlackElo "2458"]

1.d4 Nf6 2.c4 e6 3.g3 d5 4.Nf3 Be7 5.Bg2 O-O 6.O-O dxc4 7.Qc2 a6 8.Qxc4 b5
9.Qc2 Bb7 10.Bd2 Be4 11.Qc1 Nc6 12.e3 b4 13.Qc4 Na5 14.Qe2 c5 15.Rc1 cxd4
16.Nxd4 Qd5 17.f3 Bg6 18.a3 Nb3 19.Nxb3 bxa3 20.Nxa3 Qxb3 21.Bc3 Nd5 22.e4 Nxc3
23.Rxc3 Qb4 24.Rac1 Bf6 25.e5 Qd4+ 26.Re3 Bxe5 27.f4 Qxb2 28.Rd1 Qxe2 29.Rxe2 Bh5
30.Rxe5 Bxd1 31.Bxa8 Rxa8 32.Ra5 Kf8 33.Kf2 Bb3 34.Ke3 Ke7 35.Kd4 Kd6 36.Nb5+ Kc6
37.Ke5 f6+  0-1

[Event "15th ch-SLO"]
[Site "Ptuj SLO"]
[Date "2005.08.19"]
[Round "9"]
[White "Sebenik,M"]
[Black "Buzeti,J"]
[Result "1-0"]
[WhiteElo "2407"]
[BlackElo "1948"]

1.d4 d5 2.Nf3 Nf6 3.c4 e6 4.g3 Be7 5.Bg2 O-O 6.O-O c6 7.Qc2 Nbd7 8.b3 b6
9.Rd1 Bb7 10.Nc3 Rc8 11.e4 dxe4 12.Ng5 h6 13.Ngxe4 Nxe4 14.Nxe4 Nf6 15.c5 Nd5
16.a3 Qc7 17.b4 Rfd8 18.Bd2 Rd7 19.Qb3 Nf6 20.Bf4 Qd8 21.Be5 Nxe4 22.Bxe4 Bf6
23.f4 b5 24.Qf3 g6 25.a4 a6 26.axb5 axb5 27.g4 Ra8 28.Rxa8 Bxa8 29.Bd6 Rxd6
30.cxd6 Qxd6 31.f5 exf5 32.gxf5 g5 33.Qg3 Qd8 34.Qa3 Bb7 35.Qa7 Qe7 36.Bf3 g4
37.Bg2 Qe2 38.Rf1 Qe7 39.Kh1 h5 40.Qc5 Qd7 41.Rc1 h4 42.h3 gxh3 43.Bf3 Be7
44.Qe5  1-0

[Event "Masters"]
[Site "Abu Dhabi UAE"]
[Date "2005.08.20"]
[Round "6"]
[White "Raetsky,A"]
[Black "Sachdev,T"]
[Result "1/2-1/2"]
[WhiteElo "2453"]
[BlackElo "2343"]

1.d4 Nf6 2.c4 e6 3.g3 d5 4.Nf3 Be7 5.Bg2 O-O 6.O-O dxc4 7.Na3 Bxa3 8.bxa3 Nc6
9.Bb2 Rb8 10.Qc2 b5 11.Rad1 Nd5 12.e4 Nb6 13.d5 exd5 14.exd5 Ne7 15.Nd4 Bg4
16.Rd2 Qd7 17.Nc6 Nxc6 18.dxc6 Qe6 19.Qc3 Qh6 20.Qa5 a6 21.Be5 c3 22.Qxc3 Nc4
23.Bf4 g5 24.Bxc7 Nxd2 25.Qxd2 Rbc8 26.Ba5 Rxc6 27.Bxc6 Qxc6 28.Qxg5+ Qg6
29.Qe5 Qc6 30.f3 Bh3 31.Qg5+ Qg6 32.Qxg6+ fxg6  1/2-1/2

[Event "Rudenko mem"]
[Site "St Petersburg RUS"]
[Date "2005.08.22"]
[Round "3"]
[White "Tomilova,E"]
[Black "Zdebskaja,N"]
[Result "0-1"]
[WhiteElo "2306"]
[BlackElo "2390"]

1.d4 Nf6 2.c4 e6 3.g3 d5 4.Bg2 Be7 5.Nf3 O-O 6.O-O dxc4 7.Qc2 a6 8.Qxc4 b5
9.Qc2 Bb7 10.Bd2 Be4 11.Qc1 Nc6 12.Be3 Nb4 13.Nbd2 Bd5 14.a3 Nc6 15.h3 a5
16.Qc2 a4 17.Bf4 Nxd4 18.Nxd4 Bxg2 19.Nxe6 fxe6 20.Kxg2 Nd5 21.Be5 Bd6 22.Bxd6 cxd6
23.Nf3 Qf6 24.Qe4 Rac8 25.Rac1 Kh8 26.h4 h6 27.Rh1 Rxc1 28.Rxc1 Qxb2 29.Rc6 Qxa3
30.Qxe6 Nf6 31.h5 Qb3 32.Qxd6 Re8 33.Rc5 a3 34.Nd4 Qb4 35.Nc2 Qe4+ 36.Kh2 Qxe2
37.Qd4 a2 38.Na1 Ng4+ 39.Kg2 Rf8 40.Rc2 Qe6 41.Qb2 Qe4+ 42.Kg1 Ne5 43.Re2 Nf3+
44.Kg2 Ne1+ 45.Kh3 Qg2+ 46.Kh4 Rf4+  0-1

[Event "2nd Open Fincas Mediterranea"]
[Site "Castelldefels ESP"]
[Date "2005.08.24"]
[Round "8"]
[White "Castells Briones,M"]
[Black "Marin,Ir"]
[Result "0-1"]
[WhiteElo "2101"]
[BlackElo "2224"]

1.d4 d5 2.Nf3 Nf6 3.c4 e6 4.g3 Be7 5.Bg2 O-O 6.O-O dxc4 7.Ne5 Nc6 8.Nxc6 bxc6
9.Bxc6 Rb8 10.Bg2 Ba6 11.Nc3 Qd7 12.Qc2 Nd5 13.Rd1 Nxc3 14.Qxc3 Bf6 15.Bf4 Rfd8
16.Qa3 Rb6 17.h4 h6 18.Rd2 g5 19.hxg5 hxg5 20.Be3 Be7 21.Qa5 Qb5 22.Qxb5 Rxb5
23.Bc6 Rbb8 24.f4 g4 25.f5 Rd6 26.Be4 Bf6 27.Rad1 Rdb6 28.d5 Rxb2 29.fxe6 fxe6
30.dxe6 c3 31.Rd7 Rxe2 32.e7 Re8 33.Rd8 Kf7 34.R1d7 Rxe7 35.Bd5+ Kg6 36.Rg8+ Kf5
37.Rxe7 Bxe7 38.Bf4 c2 39.Rg7 Bc5+ 40.Kh1 Re1+ 41.Kh2 c1=Q  0-1

[Event "2nd Dato' Arthur Tan Malaysian Open"]
[Site "Kuala Lumpur MAS"]
[Date "2005.08.24"]
[Round "8"]
[White "Sriram,J"]
[Black "Srivachirawat,K"]
[Result "1-0"]
[WhiteElo "2437"]
[BlackElo "2186"]

1.d4 d5 2.c4 e6 3.Nf3 Nf6 4.g3 Be7 5.Bg2 O-O 6.O-O dxc4 7.Qc2 a6 8.a4 c5
9.Rd1 Nbd7 10.Na3 cxd4 11.Nxc4 Bc5 12.Nxd4 Qe7 13.Nb3 Ba7 14.Be3 Bxe3 15.Nxe3 Ne5
16.Qc3 Neg4 17.Nc4 Nd5 18.Qd4 Qg5 19.e4 Nf4 20.gxf4 Qxf4 21.e5 Qxh2+ 22.Kf1 h5
23.Nbd2 Qh4 24.Nf3 Nh2+ 25.Nxh2 Qxh2 26.Ra3  1-0

[Event "XVI ch-NATO"]
[Site "Kolobrzeg POL"]
[Date "2005.08.25"]
[Round "5"]
[White "Tommasini,E"]
[Black "Mottais,F"]
[Result "1-0"]
[WhiteElo "2147"]
[BlackElo "2008"]

1.d4 d5 2.c4 e6 3.Nf3 Nf6 4.g3 Be7 5.Bg2 O-O 6.O-O b6 7.Nc3 Bb7 8.b3 c5 9.Ne5 Nc6
10.cxd5 Nxe5 11.dxe5 Nxd5 12.Ne4 b5 13.Bb2 Qb6 14.e3 Rfd8 15.Qg4 Nb4 16.Nf6+ Kh8
17.Qh5 gxf6 18.exf6 Bf8 19.Qxf7 Bxg2  1-0

[Event "4th Open"]
[Site "Lahijan IRI"]
[Date "2005.08.31"]
[Round "8"]
[White "Ghorbani,H"]
[Black "Abedi,Al"]
[Result "0-1"]
[WhiteElo "2100"]
[BlackElo "2221"]

1.d4 d5 2.c4 e6 3.Nf3 Nf6 4.g3 Be7 5.Bg2 O-O 6.O-O c6 7.Qc2 b6 8.b3 Bb7 9.Bb2 Na6
10.Nbd2 Rc8 11.Rac1 c5 12.cxd5 cxd4 13.Qb1 Qxd5 14.Bxd4 Qh5 15.Nc4 Nb4 16.Nce5 Nc6
17.Nxc6 Bxc6 18.Qb2 Qa5 19.a4 Rfd8 20.Rfd1 Bd5 21.Rxc8 Rxc8 22.Ne1 Rd8 23.Bc3 Qa6
24.Bxd5 Rxd5 25.Rxd5 exd5 26.Nf3 b5 27.axb5 Qxb5 28.Nd4 Qd7 29.f3 h6 30.Kg2 Ne8
31.g4 g6 32.Qd2 Bg5 33.Qd3 Bf6 34.Nb5 Bxc3 35.Nxc3 Nc7 36.Qd4 Ne6 37.Qa4 Qd6
38.Qxa7 Qe5 39.Qa5 Nf4+ 40.Kf1 Qe3 41.Qa1 d4 42.Qa8+ Kh7 43.Qf8 Qe6 44.Ne4 g5
45.Qb4 d3 46.exd3 Qa6 47.Qc4 Qa1+ 48.Kf2 Qb2+ 49.Ke3 Ng2+  0-1

[Event "Autumn 1"]
[Site "Alushta UKR"]
[Date "2005.09.06"]
[Round "4"]
[White "Truskavetsky,A"]
[Black "Aveskulov,V"]
[Result "0-1"]
[WhiteElo "2399"]
[BlackElo "2450"]

1.d4 d5 2.c4 e6 3.Nf3 Nf6 4.g3 Be7 5.Bg2 O-O 6.O-O dxc4 7.Qc2 a6 8.a4 Bd7
9.Qxc4 Bc6 10.Bf4 a5 11.Nc3 Na6 12.Rfe1 Bb4 13.Bg5 h6 14.Bxf6 Qxf6 15.e4 Rfd8
16.Re3 Be8 17.Rd1 Bf8 18.Ne1 Qe7 19.Nd3 Nb4 20.Nc5 b6 21.Nb3 Rac8 22.Qe2 c6
23.h4 e5 24.d5 Qa7 25.Bh3 Rb8 26.Qh5 Bd6 27.Re2 b5 28.dxc6 bxa4 29.Red2 axb3
30.Rxd6 Rxd6 31.Rxd6 Qe7 32.Rd1 Bxc6 33.Qe2 Qc5 34.Nd5 Nc2 35.Qh5 Qd6 36.Ne3 Qg6
37.Qxg6 fxg6 38.Nc4 a4 39.Nxe5 Bxe4 40.Nd7 Re8 41.Nc5 Bf3 42.Rc1 Bc6 43.Be6+ Kh7
44.Rd1 Ra8 45.Rd6 a3 46.bxa3 b2 47.Rd1 Rxa3  0-1

[Event "ch-NED w"]
[Site "Leeuwarden NED"]
[Date "2005.09.16"]
[Round "10"]
[White "Schuurman,P"]
[Black "Van Weersel,A"]
[Result "1/2-1/2"]
[WhiteElo "2266"]
[BlackElo "2173"]

1.Nf3 d5 2.d4 Nf6 3.c4 e6 4.g3 Be7 5.Bg2 O-O 6.O-O b6 7.b3 Bb7 8.Bb2 Nbd7
9.Nc3 c5 10.e3 Rc8 11.cxd5 Nxd5 12.Nxd5 exd5 13.Qe2 c4 14.Rfc1 b5 15.a4 a6
16.Nd2 Qb6 17.Rab1 Bb4 18.bxc4 bxc4 19.Bc3 a5 20.h4 f5 21.Nf3 Qd6 22.Qb2 Ba3
23.Qd2 Bxc1 24.Qxc1 Bc6 25.Ne5 Rb8 26.Bxa5 Nxe5 27.dxe5 Rxb1 28.Qxb1 Qxe5
29.Qc2 Rb8 30.Bc3 Qe6 31.Qd1 Qd7 32.Qd4 Rb3 33.a5 Qf7 34.a6 Ra3 35.Qb6 Qd7
36.Qb8+ Kf7 37.Qe5 Kg8 38.Qb8+ Kf7 39.Bxg7 Kxg7 40.Qb2+ Kf7 41.Qxa3 Ba8 42.Qc5 Qc6
43.Qxc6 Bxc6 44.Kf1 Ke7 45.Ke2 Kd6 46.Bh3 Ke5 47.f4+ Ke6 48.Kd2 h6 49.Kc3 Ba8
50.Bg2 d4+ 51.Kxd4 Bxg2 52.g4 fxg4 53.e4 c3 54.a7 c2 55.a8=Q c1=Q 56.Qe8+ Kd6
57.Qd8+ Ke6 58.f5+ Kf7 59.Qd7+ Kf8 60.Qd6+ Ke8 61.Qg6+ Kd7 62.Qf7+ Kd8 63.Qd5+ Ke8
64.Qe6+ Kd8 65.Qg8+ Kd7 66.Qe6+ Kd8 67.Qf6+ Kd7 68.Qf7+ Kd8 69.Qd5+ Ke8 70.Qa8+ Kd7
71.Qd5+  1/2-1/2

[Event "10th ECC w"]
[Site "Saint Vincent ITA"]
[Date "2005.09.18"]
[Round "1"]
[White "Vasilevich,T"]
[Black "Mkrtchian,L"]
[Result "1/2-1/2"]
[WhiteElo "2393"]
[BlackElo "2447"]

1.d4 d5 2.c4 e6 3.Nf3 Nf6 4.g3 Be7 5.Bg2 O-O 6.O-O dxc4 7.Qc2 a6 8.Qxc4 b5
9.Qc2 Bb7 10.Bd2 Be4 11.Qc1 Nbd7 12.Ba5 Rc8 13.Nc3 Ba8 14.a4 Rb8 15.axb5 axb5
16.Rd1 Bd6 17.Ne5 Bxg2 18.Kxg2 Qc8 19.Nxd7 Qxd7 20.Na2 Ra8 21.Qd2 Ne4 22.Qe1 f5
23.f3 Nf6 24.Bd2 Qc6 25.Nb4 Qc4 26.Bc3 Nd5 27.Nxd5 exd5 28.Rxa8 Rxa8 29.Qf2 Re8
30.Rd3 b4 31.Be1 Qc2 32.Rd2 Qb1 33.e3 Ra8 34.Re2 h6 35.Kh1 Re8 36.Rd2 f4
37.gxf4 Bxf4 38.Re2 Bd6 39.Kg2 Qd1 40.Bd2  1/2-1/2